000 01069cam a22003134a 4500
001 96986
003 OSt
005 20210809143958.0
008 960717s1997 enka 001 0 eng
010 _a 96085468
020 _a0412615509
038 _akhadija
040 _aDLC
_cDLC
_dDLC
042 _apcc
050 0 0 _aTA403
_b.M3472 1997
082 0 0 _a620.11
_221
_bMAT
245 0 4 _aThe materials selector /
_cedited by Norman A. Waterman and Michael F. Ashby.
250 _a2nd ed.
260 _aLondon ;
_aNew York :
_bChapman & Hall,
_c1997.
300 _a3 v. :
_bill. ;
_c29 cm.
563 _ahard cover
650 0 _aMaterials.
_91466
700 1 _aWaterman, Norman A.
_981330
700 1 _aAshby, M. F.
_981331
856 4 2 _3Publisher description
_uhttp://www.loc.gov/catdir/enhancements/fy0744/96085468-d.html
906 _a7
_bcbc
_corignew
_d2
_eopcn
_f19
_gy-gencatlg
942 _2ddc
_cBK
999 _c32505
_d32505